Spotreba potravín a vybraných druhov priemyselného tovaru v SR v roku 1993 definitívne údaje
Na minha lista:
| Formato: | Livro |
|---|---|
| Idioma: | eslovaco |
| Publicado em: |
Bratislava
Štatistický úrad Slovenskej republiky
1994
|
| Colecção: | Slovenská štatistika
|
| Assuntos: | |
| Tags: |
Sem tags, seja o primeiro a adicionar uma tag!
|
MARC
| LEADER | 00000nam a2200000 4500 | ||
|---|---|---|---|
| 001 | c017331 | ||
| 005 | 20251008071726.5 | ||
| 041 | 0 | |a slo | |
| 044 | |a SK | ||
| 245 | 1 | 0 | |a Spotreba potravín a vybraných druhov priemyselného tovaru v SR v roku 1993 |b definitívne údaje |
| 264 | 1 | |a Bratislava |b Štatistický úrad Slovenskej republiky |c 1994 | |
| 300 | |a 21 s. | ||
| 490 | 1 | |a Slovenská štatistika | |
| 830 | 0 | |a Slovenská štatistika | |
| 610 | 2 | 0 | |a Slovensko |
| 610 | 2 | 0 | |a spotreba potravín |
| 610 | 2 | 0 | |a potraviny |
| 610 | 2 | 0 | |a tovar priemyselný |